Statistics for Modern day countries that once had parts ruled by Sweden

Click here to take the quiz!

General Stats

  • This quiz has been taken 335 times
  • The average score is 11 of 14

Answer Stats

ContinentControlledModern Day Nation% Correct
Europe1249-1809Finland
98%
Europe1537-1905Norway
98%
Europe1658-1660Denmark (Island of Bornholm)
97%
Europe1583-1595, 1617-1721Russia
96%
Europe1648-1815Germany
95%
Europe1648-1720Poland
94%
Europe1629-1721Latvia
92%
Europe1561-1710Estonia
91%
North America1638-1655USA
91%
North America1813-1814France (Guadaloupe)
54%
North America1784-1878France (Saint-Barthélemy)
54%
Africa1649-1663Ghana
49%
Africa1649-1663Benin
39%
Africa1649-1663Togo
39%

Score Distribution

Percentile by Number Answered

Percent of People with Each Score

Your Score History

You have not taken this quiz